[Event "GER-chT2 (Women) 0405"]
[Site "Germany"]
[Date "2004.11.07"]
[Round "2"]
[White "Zakurdjaeva, Irina"]
[Black "Schlander, Sabine"]
[Result "1-0"]
[WhiteElo "2241"]
[BlackElo "2048"]
[PlyCount "73"]
[EventDate "2004.11.06"]
[EventType "team"]
[EventRounds "9"]
[EventCountry "GER"]
[SourceTitle "EXT 2006"]
[Source "ChessBase"]
[SourceDate "2005.11.24"]
[SourceVersion "1"]
[SourceVersionDate "2005.11.24"]
[SourceQuality "1"]

1. e4 e6 2. d4 d5 3. e5 c5 4. c3 Nc6 5. Nf3 cxd4 6. cxd4 f6 7. Nc3 Qb6 8. Bd3 Bd7 9. 0-0 Nge7 10. exf6 gxf6 11. Bf4 Ng6 12. Bg3 Nb4 13. Bb1 Bd6 14. a3 Na6 15. Re1 Kf7 16. Bd3 Nf4 17. Bxf4 Bxf4 18. Nh4 Kf8 19. Qh5 Qxd4 20. Ng6+ Kg7 21. Nxh8 Qxd3 22. Qf7+ Kxh8 23. Qxf6+ Kg8 24. Qxf4 Rf8 25. Qd6 Rf7 26. Re3 Qd4 27. Rd1 Qf6 28. Rf3 Qe7 29. Rg3+ Kf8 30. Qe5 Qc5 31. Rd4 Qb6 32. Rf4 Qxb2 33. Qh8+ Ke7 34. Rxf7+ Kxf7 35. Qxh7+ Kf6 36. Qg7+ Kf5 37. Rf3# 1-0

[Event "GER-chT2 (Women) 0405"]
[Site "Germany"]
[Date "2004.11.06"]
[Round "1"]
[White "Schlander, Sabine"]
[Black "Baumstark, Gertrude"]
[Result "1-0"]
[WhiteElo "2048"]
[BlackElo "2087"]
[PlyCount "77"]
[EventDate "2004.11.06"]
[EventType "team"]
[EventRounds "9"]
[EventCountry "GER"]
[SourceTitle "EXT 2006"]
[Source "ChessBase"]
[SourceDate "2005.11.24"]
[SourceVersion "1"]
[SourceVersionDate "2005.11.24"]
[SourceQuality "1"]

1. e4 c5 2. Nf3 Nc6 3. d4 cxd4 4. Nxd4 Nf6 5. Nc3 e5 6. Ndb5 d6 7. Bg5 a6 8. Na3 b5 9. Nd5 Be7 10. Bxf6 Bxf6 11. c3 Bg5 12. Nc2 0-0 13. a4 bxa4 14. Rxa4 a5 15. Bb5 Bb7 16. Qg4 Kh8 17. 0-0 Bh6 18. Rfa1 g6 19. Qh3 Bg7 20. Nce3 Ne7 21. Qd7 Bxd5 22. Qxd8 Rfxd8 23. Nxd5 Nxd5 24. exd5 f5 25. Rxa5 Rxa5 26. Rxa5 e4 27. Kf1 Bh6 28. c4 Bc1 29. b4 Kg7 30. Ke2 Kf6 31. Ra7 Ke5 32. Re7+ Kd4 33. Rxh7 Ra8 34. Rh3 Ra2+ 35. Kd1 Ba3 36. Rb3 Bb2 37. Ba6 Bc3 38. c5 Rxa6 39. c6 1-0

[Event "BL2 Gr2 0304 (Women)"]
[Site "Germany"]
[Date "2003.11.30"]
[Round "4.1"]
[White "Skibbe, Diana"]
[Black "Schlander, Sabine"]
[Result "1-0"]
[WhiteElo "2094"]
[BlackElo "2048"]
[PlyCount "135"]
[EventDate "2003.10.25"]
[EventType "team-tourn"]
[EventRounds "7"]
[EventCountry "GER"]
[SourceTitle "EXT 2006"]
[Source "ChessBase"]
[SourceDate "2005.11.24"]
[SourceVersion "1"]
[SourceVersionDate "2005.11.24"]
[SourceQuality "1"]
[WhiteTeam "Zeulenroda (W)"]
[BlackTeam "Unterpfaffenhofen (W)"]
[WhiteTeamCountry "GER"]
[BlackTeamCountry "GER"]

1. e4 e6 2. d4 d5 3. Nc3 Bb4 4. e5 c5 5. a3 Bxc3+ 6. bxc3 Ne7 7. Qg4 0-0 8. Nf3 Qa5 9. Bd2 c4 10. h4 Nd7 11. Ng5 h6 12. Qh5 Nf5 13. Nh3 Kh7 14. Nf4 Qb6 15. Qf3 Nxd4 16. cxd4 Qxd4 17. Bc3 Qb6 18. Rd1 Nc5 19. Be2 Bd7 20. 0-0 Ba4 21. Rb1 Qc7 22. Rfc1 Ne4 23. Qe3 Nxc3 24. Qxc3 Rfd8 25. Qd4 Qe7 26. c3 Bb3 27. Ra1 Kg8 28. a4 Rdc8 29. g3 Rc6 30. Bd1 Rb6 31. Rcb1 Rc8 32. a5 Rb5 33. Qxa7 Qc7 34. Qd4 Ra8 35. Bxb3 cxb3 36. Nd3 Raxa5 37. Ra4 b6 38. Rb4 Qa7 39. R1xb3 Ra1+ 40. Kg2 Rxb4 41. Qxb4 Qa6 42. Qb5 Qa2 43. Rb2 Qa3 44. Qe8+ Kh7 45. Qxf7 Qxc3 46. Qf3 Ra3 47. Rxb6 Qxd3 48. Qxd3+ Rxd3 49. Rxe6 Kg8 50. Re7 Kf8 51. Rd7 Rd1 52. Kf3 d4 53. Ke2 Ra1 54. Rxd4 Ra5 55. f4 Ra2+ 56. Ke3 Ke7 57. f5 Ra3+ 58. Kf4 Ra1 59. Rb4 Rf1+ 60. Kg4 Re1 61. Rb7+ Kf8 62. e6 Re5 63. Rf7+ Kg8 64. Kh5 Re3 65. g4 Rg3 66. g5 hxg5 67. hxg5 Rh3+ 68. Kg6 1-0

[Event "BL2 Gr2 0304 (Women)"]
[Site "Germany"]
[Date "2003.11.29"]
[Round "3.1"]
[White "Schlander, Sabine"]
[Black "Umpfenbach, Caroline"]
[Result "1-0"]
[WhiteElo "2048"]
[BlackElo "2145"]
[PlyCount "85"]
[EventDate "2003.10.25"]
[EventType "team-tourn"]
[EventRounds "7"]
[EventCountry "GER"]
[SourceTitle "EXT 2006"]
[Source "ChessBase"]
[SourceDate "2005.11.24"]
[SourceVersion "1"]
[SourceVersionDate "2005.11.24"]
[SourceQuality "1"]
[WhiteTeam "Unterpfaffenhofen (W)"]
[BlackTeam "Suhl (W)"]
[WhiteTeamCountry "GER"]
[BlackTeamCountry "GER"]

1. e4 e6 2. d4 d5 3. Nc3 Bb4 4. exd5 exd5 5. Bd3 Nf6 6. Nge2 c6 7. Bg5 Nbd7 8. 0-0 h6 9. Be3 0-0 10. Ng3 Ne4 11. Ncxe4 dxe4 12. Bxe4 Nb6 13. Qh5 Qf6 14. Qf3 Qxf3 15. Bxf3 Be6 16. a3 Be7 17. Rad1 Rad8 18. Rfe1 Rfe8 19. Bf4 Nc4 20. Bc1 Bg5 21. Bxg5 hxg5 22. h3 Nxb2 23. Rb1 Nc4 24. Rxb7 Nxa3 25. Bxc6 Rf8 26. c3 a5 27. Ra7 Nc4 28. Rd1 Bd5 29. Bb5 Nb2 30. Rd2 Nc4 31. Bxc4 Bxc4 32. Rxa5 Rfe8 33. Rxg5 Re1+ 34. Kh2 Rc1 35. Ne4 Bd5 36. Nf6+ Kf8 37. Nxd5 f6 38. Rh5 Kf7 39. Rf5 Ke6 40. Ne3 Rxc3 41. d5+ Kf7 42. d6 Ke6 43. Rfd5 1-0

[Event "Bayern-chI Bank Hofmann 6th"]
[Site "Bad Wiessee"]
[Date "2002.10.26"]
[Round "1"]
[White "Schlander, Sabine"]
[Black "Prusikin, Michael"]
[Result "0-1"]
[WhiteElo "2040"]
[BlackElo "2504"]
[PlyCount "68"]
[EventDate "2002.10.26"]
[EventType "swiss"]
[EventRounds "9"]
[EventCountry "GER"]
[SourceTitle "EXT 2003"]
[Source "ChessBase"]
[SourceDate "2002.11.25"]
[SourceVersion "1"]
[SourceVersionDate "2002.11.25"]
[SourceQuality "1"]

1. e4 c5 2. Nf3 e6 3. d4 cxd4 4. Nxd4 Nc6 5. Be3 Nf6 6. Nd2 d5 7. Nxc6 bxc6 8. exd5 cxd5 9. Nb3 Bd6 10. Bb5+ Bd7 11. Bxd7+ Qxd7 12. 0-0 0-0 13. Bc5 Rfc8 14. Bxd6 Qxd6 15. Qe2 Rab8 16. c3 Ne4 17. Rac1 Qb6 18. Kh1 h6 19. Rc2 Nd6 20. Nd4 Qa5 21. b3 Rc7 22. Qe5 Qa6 23. Rfc1 Rbc8 24. f3 Nb7 25. Qe2 Qxe2 26. Nxe2 Nd6 27. Rd2 Nf5 28. Kg1 g5 29. Kf2 Kg7 30. Rd3 Kf6 31. Ng3 Ne7 32. Nf1 Ng6 33. Nd2 Nf4 34. Re3 d4 0-1

[Event "Pyramiden Franken Cup 5th"]
[Site "Fuerth"]
[Date "2002.09.03"]
[Round "4"]
[White "Titze, Karsten"]
[Black "Schlander, Sabine"]
[Result "1/2-1/2"]
[WhiteElo "1518"]
[BlackElo "2040"]
[PlyCount "59"]
[EventDate "2002.08.31"]
[EventType "swiss"]
[EventRounds "9"]
[EventCountry "GER"]
[SourceTitle "CBM 090 Extra"]
[Source "ChessBase"]
[SourceDate "2002.11.07"]
[SourceVersion "1"]
[SourceVersionDate "2002.11.07"]
[SourceQuality "1"]

1. Nc3 d5 2. d4 Nf6 3. Bg5 e6 4. e4 dxe4 5. f3 e3 6. Ne4 Be7 7. Bxe3 Nxe4 8. fxe4 Bb4+ 9. c3 Qh4+ 10. Kd2 Be7 11. Bd3 Nd7 12. g3 Qf6 13. e5 Nxe5 14. dxe5 Qxe5 15. Nf3 Qd5 16. Qa4+ Bd7 17. Qe4 Qd6 18. Qe5 f6 19. Qxd6 cxd6 20. Nd4 a6 21. Rhe1 g6 22. a4 e5 23. Nc2 d5 24. Bb6 Rc8 25. Ba5 Bc5 26. Bb4 Bb6 27. a5 Ba7 28. Bd6 Kf7 29. Rf1 e4 30. Be2 1/2-1/2

[Event "BL2 West 0102 (Women)"]
[Site "Germany"]
[Date "2002.01.20"]
[Round "5.1"]
[White "Schlander, Sabine"]
[Black "Birkholz, Olga"]
[Result "1/2-1/2"]
[WhiteElo "2014"]
[BlackElo "2117"]
[PlyCount "58"]
[EventDate "2001.10.27"]
[EventType "team-tourn"]
[EventRounds "7"]
[EventCountry "GER"]
[SourceTitle "EXT 2003"]
[Source "ChessBase"]
[SourceDate "2002.11.25"]
[SourceVersion "1"]
[SourceVersionDate "2002.11.25"]
[SourceQuality "1"]
[WhiteTeam "Unterpfaffenhofen (W)"]
[BlackTeam "Augsburg"]
[WhiteTeamCountry "GER"]
[BlackTeamCountry "GER"]

1. e4 c5 2. Nf3 a6 3. d4 cxd4 4. Nxd4 Nf6 5. Nc3 e5 6. Nf3 d6 7. a4 Be7 8. Bc4 Be6 9. Qd3 h6 10. 0-0 Nc6 11. Nd5 Bxd5 12. Bxd5 Nb4 13. Qb3 Nbxd5 14. exd5 Qc7 15. Be3 0-0 16. Bb6 Qc8 17. Rad1 Bd8 18. c3 Rb8 19. a5 Bxb6 20. Qxb6 Rd8 21. Qb4 Qc7 22. c4 b6 23. axb6 Rxb6 24. Qa5 Rdb8 25. b3 Nd7 26. Nd2 Qc5 27. Qa4 Qc7 28. Qa5 Qc5 29. Qa4 Qc7 1/2-1/2

[Event "Pyramiden Franken Cup 4th"]
[Site "Fuerth"]
[Date "2001.08.22"]
[Round "5"]
[White "Schlander, Sabine"]
[Black "Roth, Norbert"]
[Result "1-0"]
[WhiteElo "2014"]
[BlackElo "2271"]
[PlyCount "75"]
[EventDate "2001.08.18"]
[EventType "swiss"]
[EventRounds "9"]
[EventCountry "GER"]
[SourceTitle "EXT 2010"]
[Source "ChessBase"]
[SourceDate "2010.11.25"]
[SourceVersion "1"]
[SourceVersionDate "2010.11.25"]
[SourceQuality "1"]

1. e4 c5 2. Nf3 g6 3. d4 Bg7 4. c3 cxd4 5. cxd4 Nf6 6. Nc3 0-0 7. Bc4 d6 8. 0-0 Bg4 9. h3 Bxf3 10. Qxf3 Nc6 11. Be3 Nd7 12. Rfd1 Rc8 13. Bb5 a6 14. Bxc6 Rxc6 15. Rac1 Qa5 16. Qg4 Nf6 17. Qe2 Rfc8 18. f4 d5 19. e5 Ne8 20. Qf3 e6 21. g4 b5 22. a3 b4 23. axb4 Qxb4 24. Qg2 Qb3 25. f5 Nc7 26. fxe6 fxe6 27. Qd2 Nb5 28. Nxb5 axb5 29. Rxc6 Rxc6 30. Rc1 Rc4 31. Kg2 Bf8 32. Qf2 Be7 33. Rf1 Qc2 34. Bd2 Rc8 35. Qf7+ Kh8 36. Qxe7 Qxd2+ 37. Rf2 Qh6 38. g5 1-0

[Event "Pyramiden Franken Cup 4th"]
[Site "Fuerth"]
[Date "2001.08.20"]
[Round "3"]
[White "Schlander, Sabine"]
[Black "Frey, Michael"]
[Result "1-0"]
[WhiteElo "2014"]
[BlackElo "1586"]
[PlyCount "43"]
[EventDate "2001.08.18"]
[EventType "swiss"]
[EventRounds "9"]
[EventCountry "GER"]
[SourceTitle "EXT 2010"]
[Source "ChessBase"]
[SourceDate "2010.11.25"]
[SourceVersion "1"]
[SourceVersionDate "2010.11.25"]
[SourceQuality "1"]

1. e4 c5 2. Nf3 Nc6 3. d4 cxd4 4. Nxd4 a6 5. Nc3 e6 6. Nxc6 bxc6 7. Bd3 d5 8. exd5 cxd5 9. 0-0 Nf6 10. Bg5 Be7 11. Re1 0-0 12. Qf3 Bb7 13. Qh3 g6 14. Rad1 Nh5 15. Bh6 Re8 16. Be2 Nf6 17. Bf3 Qb6 18. Ne2 Bc5 19. Qh4 Ne4 20. Bxe4 dxe4 21. Qf6 Bf8 22. Rd7 1-0

[Event "Regionalliga SO 0001"]
[Site "Bayern"]
[Date "2001.04.01"]
[Round "8"]
[White "Heyne, Martin"]
[Black "Schlander, Sabine"]
[Result "1-0"]
[WhiteElo "2035"]
[BlackElo "1880"]
[PlyCount "109"]
[EventDate "2000.10.15"]
[EventType "team-tourn"]
[EventRounds "9"]
[EventCountry "GER"]
[SourceTitle "EXT 2020"]
[Source "ChessBase"]
[SourceDate "2019.10.17"]
[SourceVersion "1"]
[SourceVersionDate "2019.10.17"]
[SourceQuality "1"]
[WhiteTeam "Waldkirchen TSV"]
[BlackTeam "Unterpfaff Germering"]
[WhiteTeamCountry "GER"]
[BlackTeamCountry "GER"]

1. d4 d5 2. c4 c6 3. Nf3 Nf6 4. Nc3 e6 5. e3 Nbd7 6. Bd3 dxc4 7. Bxc4 b5 8. Bd3 b4 9. Ne4 Bb7 10. 0-0 Be7 11. Nxf6+ Bxf6 12. Qa4 a5 13. Be4 Qb6 14. Bd2 0-0 15. a3 Be7 16. Rfc1 Rfc8 17. Ne1 Nf6 18. Bf3 c5 19. dxc5 Bxc5 20. Bxb7 Qxb7 21. Nd3 Ne4 22. Be1 bxa3 23. bxa3 Qd5 24. Nf4 Qe5 25. Nd3 Qf5 26. Nxc5 Nxc5 27. Qc2 Qxc2 28. Rxc2 Nb3 29. Rxc8+ Rxc8 30. Rb1 a4 31. Bb4 Rc1+ 32. Rxc1 Nxc1 33. Kf1 f6 34. Bd6 Kf7 35. Ke1 Nd3+ 36. Ke2 Nb2 37. Bb4 e5 38. Kd2 Ke6 39. Kc2 Nc4 40. Kc3 Nb6 41. e4 Kd7 42. Bc5 Kc6 43. Bxb6 Kxb6 44. Kb4 g6 45. g4 h5 46. gxh5 gxh5 47. h4 Kc6 48. f3 Kb6 49. Kxa4 Kc5 50. Kb3 Kd4 51. a4 Ke3 52. a5 Kxf3 53. a6 Kxe4 54. a7 Kf4 55. a8Q 1-0

[Event "Regionalliga SO 0001"]
[Site "Bayern"]
[Date "2001.03.11"]
[Round "7"]
[White "Schlander, Sabine"]
[Black "Holzapfel, Georg"]
[Result "1-0"]
[WhiteElo "1880"]
[BlackElo "1925"]
[PlyCount "45"]
[EventDate "2000.10.15"]
[EventType "team-tourn"]
[EventRounds "9"]
[EventCountry "GER"]
[SourceTitle "EXT 2020"]
[Source "ChessBase"]
[SourceDate "2019.10.17"]
[SourceVersion "1"]
[SourceVersionDate "2019.10.17"]
[SourceQuality "1"]
[WhiteTeam "Unterpfaff Germering"]
[BlackTeam "Passau II"]
[WhiteTeamCountry "GER"]
[BlackTeamCountry "GER"]

1. e4 e6 2. d4 d5 3. Nc3 Bb4 4. exd5 exd5 5. Bd3 Ne7 6. Qh5 Qd6 7. Nge2 Ng6 8. 0-0 c6 9. f4 Nd7 10. f5 Nf6 11. Qf3 Ne7 12. Bf4 Qd8 13. Be5 c5 14. Bb5+ Bd7 15. Qg3 Ne4 16. Qxg7 Rg8 17. Qxh7 Bxc3 18. Nxc3 Nxc3 19. Bxd7+ Qxd7 20. bxc3 c4 21. f6 Qg4 22. Bg3 Nc6 23. Rae1+ 1-0

[Event "ENG-GER m (Women)"]
[Site "Battle Abbey"]
[Date "2001.02.24"]
[Round "10"]
[White "Lalic, Susan"]
[Black "Schlander, Sabine"]
[Result "1-0"]
[WhiteElo "2318"]
[BlackElo "2074"]
[PlyCount "47"]
[EventDate "2001.02.17"]
[EventType "team"]
[EventRounds "10"]
[EventCountry "ENG"]
[SourceTitle "CBM 080 Extra"]
[Source "ChessBase"]
[SourceDate "2001.03.08"]
[SourceVersion "1"]
[SourceVersionDate "2001.03.08"]
[SourceQuality "1"]

1. e4 e5 2. Nf3 Nc6 3. Nc3 Nf6 4. d4 exd4 5. Nxd4 Bb4 6. Nxc6 bxc6 7. Bd3 h6 8. 0-0 0-0 9. e5 Bxc3 10. bxc3 Ne8 11. Qg4 d5 12. Qg3 Kh8 13. Ba3 Rg8 14. f4 a5 15. f5 Ba6 16. Rae1 Qb8 17. Rf4 Qb6+ 18. Kh1 c5 19. Rh4 c4 20. Be2 Kh7 21. Bc1 Rb8 22. f6 Qc6 23. Qh3 Rh8 24. Bxh6 1-0

[Event "ENG-GER m (Women)"]
[Site "Battle Abbey"]
[Date "2001.02.23"]
[Round "9"]
[White "Schlander, Sabine"]
[Black "Buckley, Melanie"]
[Result "0-1"]
[WhiteElo "2074"]
[BlackElo "2114"]
[PlyCount "98"]
[EventDate "2001.02.17"]
[EventType "team"]
[EventRounds "10"]
[EventCountry "ENG"]
[SourceTitle "CBM 080 Extra"]
[Source "ChessBase"]
[SourceDate "2001.03.08"]
[SourceVersion "1"]
[SourceVersionDate "2001.03.08"]
[SourceQuality "1"]

1. e4 e6 2. d4 d5 3. Nc3 Bb4 4. exd5 exd5 5. Bd3 Nc6 6. a3 Bxc3+ 7. bxc3 Nf6 8. h3 0-0 9. Qf3 Ne4 10. Ne2 Ne7 11. 0-0 Bf5 12. Rb1 b6 13. c4 c6 14. cxd5 cxd5 15. a4 Re8 16. Ng3 Bg6 17. Bb5 Rf8 18. Bd3 Nc6 19. Nxe4 dxe4 20. Bxe4 Nxd4 21. Qd3 Bxe4 22. Qxe4 Re8 23. Qg4 Ne2+ 24. Kh1 Nxc1 25. Rbxc1 Qc8 26. Qf4 Qe6 27. Rfd1 Qe4 28. Qd6 Qxa4 29. Rd4 Qa5 30. c3 Qe5 31. Qd7 h6 32. Rd5 Qe6 33. Rcd1 Qxd7 34. Rxd7 Kf8 35. Kg1 g6 36. Ra1 Re7 37. Rxe7 Kxe7 38. Kf1 Kd6 39. Ke2 a5 40. Kd3 Kc5 41. Kc2 Re8 42. Kd3 f5 43. c4 Re4 44. Ra4 Rd4+ 45. Kc3 Rd1 46. Kb3 Rd2 47. Ra1 Rxf2 48. Re1 Rxg2 49. Re5+ Kd6 0-1

[Event "Miercurea Ciuc"]
[Site "Miercurea Ciuc"]
[Date "2000.08.21"]
[Round "3"]
[White "Bromberger, Stefan"]
[Black "Schlander, Sabine"]
[Result "1-0"]
[WhiteElo "2375"]
[BlackElo "2136"]
[PlyCount "49"]
[EventDate "2000.08.19"]
[EventType "tourn"]
[EventRounds "9"]
[EventCountry "ROU"]
[EventCategory "2"]
[SourceTitle "CBM 077 Extra"]
[Source "ChessBase"]
[SourceDate "2000.09.14"]
[SourceVersion "1"]
[SourceVersionDate "2000.09.14"]
[SourceQuality "1"]

1. d4 d5 2. c4 c6 3. Nc3 Nf6 4. Nf3 e6 5. cxd5 exd5 6. Bg5 Be7 7. Qc2 Qb6 8. e3 Be6 9. Bd3 Nbd7 10. 0-0 h6 11. Bh4 Bd6 12. Nd2 g5 13. Bg3 Bxg3 14. hxg3 g4 15. e4 dxe4 16. Ndxe4 Qxd4 17. Rad1 Nxe4 18. Nxe4 f5 19. Rfe1 fxe4 20. Rxe4 Qf6 21. Rde1 0-0-0 22. Rxe6 Qd4 23. Bf5 h5 24. Rd1 Qb6 25. Re7 1-0

[Event "EU-chT U18 Girls 1st"]
[Site "Balatonlelle"]
[Date "2000.07.11"]
[Round "3"]
[White "Schlander, Sabine"]
[Black "Partac, Elena"]
[Result "0-1"]
[WhiteElo "2136"]
[BlackElo "2220"]
[PlyCount "100"]
[EventDate "2000.07.09"]
[EventType "team-swiss"]
[EventRounds "7"]
[EventCountry "HUN"]
[SourceTitle "EXT 2020"]
[Source "ChessBase"]
[SourceDate "2019.10.17"]
[SourceVersion "1"]
[SourceVersionDate "2019.10.17"]
[SourceQuality "1"]
[WhiteTeam "Germany U18 (W)"]
[BlackTeam "Moldova U18 (W)"]
[WhiteTeamCountry "GER"]
[BlackTeamCountry "MDA"]

1. e4 c5 2. Nf3 e6 3. d4 cxd4 4. Nxd4 Nf6 5. Nc3 Nc6 6. Ndb5 Bb4 7. a3 Bxc3+ 8. Nxc3 d5 9. exd5 exd5 10. Bd3 0-0 11. 0-0 d4 12. Ne4 Bf5 13. Bg5 Bxe4 14. Bxe4 h6 15. Bxf6 Qxf6 16. Qf3 Qxf3 17. Bxf3 Rac8 18. Rad1 Rfd8 19. Be4 Ne5 20. Rfe1 Nc4 21. Bf5 Nxb2 22. Bxc8 Nxd1 23. Bxb7 Nc3 24. f3 Kf8 25. Kf2 Rb8 26. Bc6 g6 27. Kg3 Rb2 28. Re8+ Kg7 29. Be4 Ra2 30. Rd8 Nxe4+ 31. fxe4 Rxa3+ 32. Kf4 Rc3 33. Rxd4 Rxc2 34. g4 Rxh2 35. Ra4 Rh4 36. Kg3 Rh1 37. Rxa7 Kf6 38. e5+ Ke6 39. Kf4 Rf1+ 40. Ke4 Re1+ 41. Kd4 Rg1 42. Ra6+ Ke7 43. Ra7+ Kf8 44. e6 Rd1+ 45. Kc5 fxe6 46. Rh7 Rd5+ 47. Kc6 h5 48. g5 Rxg5 49. Kd6 e5 50. Ke6 Rf5 0-1

[Event "BL2 Sued 0001 (Women)"]
[Site "Germany"]
[Date "2000.??.??"]
[Round "?"]
[White "Misanovic, Vesna"]
[Black "Schlander, Sabine"]
[Result "1-0"]
[WhiteElo "2384"]
[BlackElo "2170"]
[PlyCount "65"]
[EventDate "2000.??.??"]
[EventType "team-tourn"]
[EventRounds "7"]
[EventCountry "GER"]
[SourceTitle "EXT 2002"]
[Source "ChessBase"]
[SourceDate "2001.11.25"]
[SourceVersion "1"]
[SourceVersionDate "2001.11.25"]
[SourceQuality "1"]

1. d4 d5 2. Nf3 Nf6 3. e3 e6 4. Bd3 c5 5. c3 Nc6 6. Nbd2 Bd6 7. Qe2 Bd7 8. 0-0 Qc7 9. dxc5 Bxc5 10. e4 0-0-0 11. b4 Bd6 12. b5 Ne5 13. Rb1 Nxd3 14. Qxd3 g5 15. Qd4 g4 16. Qxf6 gxf3 17. g3 h5 18. Qxf3 h4 19. c4 Rdg8 20. Rb3 hxg3 21. hxg3 Rh3 22. Kg2 Rgh8 23. Qc3 Be5 24. Qe3 Rh2+ 25. Kf3 d4 26. Qd3 R8h3 27. Rg1 f5 28. Ke2 Bxg3 29. Rxg3 fxe4 30. Rg8+ Qd8 31. Rxd8+ Kxd8 32. Qxh3 d3+ 33. Rxd3 1-0